Troilus and Cressida / (Record no. 18888)
[ view plain ]
| 000 -LEADER | |
|---|---|
| fixed length control field | 02596cam a22004213a 4500 |
| 001 - CONTROL NUMBER | |
| control field | 18888 |
| 003 - CONTROL NUMBER IDENTIFIER | |
| rucl marc code | BD-RjUL |
| 005 - DATE AND TIME OF LATEST TRANSACTION | |
| control field | 20211209000342.0 |
| 008 - FIXED-LENGTH DATA ELEMENTS--GENERAL INFORMATION | |
| fixed length control field | 140222s1957 xx 000 0deng |
| 035 ## - SYSTEM CONTROL NUMBER | |
| System control number | (BD-RjUL)18946 |
| 040 ## - CATALOGING SOURCE | |
| Original cataloging agency | DLC |
| Transcribing agency | DLC |
| Language of cataloging | eng |
| Modifying agency | BD-RjUL |
| 041 ## - LANGUAGE CODE | |
| Language code of text/sound track or separate title | eng |
| 082 ## - DEWEY DECIMAL CLASSIFICATION NUMBER | |
| Classification number | 822.33 |
| Author mark and year | TRO |
| 245 00 - TITLE STATEMENT | |
| Title | Troilus and Cressida / |
| 246 14 - VARYING FORM OF TITLE | |
| Title proper/short title | Plays of Shakespeare |
| 260 ## - PUBLICATION, DISTRIBUTION, ETC. (IMPRINT) | |
| Date of publication, distribution, etc. | 1957. |
| 300 ## - PHYSICAL DESCRIPTION | |
| Pagination | 1 v. (theater program). |
| 500 ## - GENERAL NOTE | |
| General note | National Theatre, week beginning Monday, January 28, 1957. |
| General note | Title devised by Library staff. |
| General note | Cast: Keith Taylor, Jack Gwillim, Jeremy Brett, Ronald Allen, Timothy Parkes, Bryan Pringle, Denis Holmes, James Villiers, Paul Rogers, Aubrey Morris, John Greenwood, Coral Browne, Jennifer Wilson, Margaret Courtenay, Rosemary Harris, Rupert Davies, Edward Harvey, Richard Wordsworth, Job Stewart, Ernest Hare, Charles Gray, Derek New, Donald Homer, John Neville, John Woodvine, Peter Needham, Peter Bowles, Graeme Campbell, John Flint, Fraser Kerr, Tom Kneebone, Daniel Moynihan, Alan Penn, Charles West. |
| General note | LC copy shelved under: Richard II. |
| 520 ## - SUMMARY, ETC. | |
| Summary, etc. | National Theatre, Louis A. Lotito, managing director, Old Vic Trust Ltd. and the Arts Council of Great Britain present under the management of S. Hurok, The Old Vic Company, director Michael Benthall, administrative director Alfred Francis with Paul Rogers, Claire Bloom, John Neville, Coral Browne, Rosemary Harris, Richard Wordsworth, Jack Gwillim, Ernest Hare, Wynne Clark in The plays of Shakespeare: "Troilus and Cressida," by William Shakespeare, directed by Tyrone Guthrie, costumes and decor by Frederick Crooke, music composed by Frederick Marshall, fights arranged by Bernard Hepton and John Greenwood, orchestra under the direction of Arthur Lief. |
| 580 ## - LINKING ENTRY COMPLEXITY NOTE | |
| Linking entry complexity note | In: Richard L. Coe Theater Programs Collection (Library of Congress). |
| 650 ## - SUBJECT ADDED ENTRY--TOPICAL TERM | |
| Topical term or geographic name as entry element | Drama |
| 9 (RLIN) | 58250 |
| 700 1# - ADDED ENTRY--PERSONAL NAME | |
| Personal name | Guthrie, Tyrone, |
| Dates associated with a name | 1900-1971. |
| Personal name | Crooke, Frederick. |
| Personal name | Marshall, Frederick. |
| Personal name | Lief, Arthur. |
| Personal name | Shakespeare, William, |
| Dates associated with a name | 1564-1616. |
| 710 2# - ADDED ENTRY--CORPORATE NAME | |
| Corporate name or jurisdiction name as entry element | National Theatre Corporation (Washington, D.C.) |
| 9 (RLIN) | 53841 |
| Corporate name or jurisdiction name as entry element | Old Vic Company. |
| 9 (RLIN) | 58257 |
| Corporate name or jurisdiction name as entry element | Richard L. Coe Theater Programs Collection (Library of Congress) |
| Institution to which field applies | DLC |
| 9 (RLIN) | 15716 |
| 942 ## - ADDED ENTRY ELEMENTS (KOHA) | |
| Source of classification or shelving scheme | Dewey Decimal Classification |
| Koha item type | Books |
| Lost status | Source of classification or shelving scheme | Damaged status | Not for loan | Collection code | Permanent Location | Current Location | Shelving location | Date acquired | Source of acquisition | Cost, normal purchase price | Total Checkouts | Full call number | Date last seen | Copy number | Koha item type |
|---|---|---|---|---|---|---|---|---|---|---|---|---|---|---|---|
| Dewey Decimal Classification | Fiction | Central Library, University of Rajshahi | Central Library, University of Rajshahi | 19/02/1963 | Zetlinger | 5.85 | 822.33 TRO 1957 | 22/02/2014 | C-5 | Books |